| 000 | 00480nam a22001817a 4500 | ||
|---|---|---|---|
| 003 | OSt | ||
| 005 | 20151106103345.0 | ||
| 008 | 130629t xxu||||| |||| 00| 0 eng d | ||
| 050 |
_aQA 273 _b.In61 2006 |
||
| 082 |
_aIB 510 MAT _b2006 |
||
| 110 | _aInternational Baccalaureate Organization | ||
| 245 |
_aMathematics HL : _bfirst examinations 2008 / |
||
| 260 |
_aNew York : _bIBO, _cc2006. |
||
| 300 |
_a76 p. ; _c29 cm |
||
| 562 | _e1 | ||
| 942 |
_2lcc _cBK |
||
| 999 |
_c3398 _d3398 |
||